000 02319cam a22003614a 4500
001 4816183
003 ARRUPE
005 20131023124644.0
008 040607s2004 nyub b 001 0 eng
010 _a 2003022781
020 _a1570755175 (pbk.)
024 _aR0-440508
035 _a(OCoLC)53315506
035 _a(OCoLC)ocm53315506
035 _a(DLC) 2003022781
035 _a(NNC)4816183
040 _aDLC
_cDLC
_dDLC
_dOrLoB-B
042 _apcc
050 0 0 _aBV2061.3
_b.B48 2004
100 1 _aBevans, Stephen B.,
_d1944-
_92758
245 1 0 _aConstants in context :
_ba theology of mission for today /
_cStephen B. Bevans, Roger P. Schroeder.
260 _aMaryknoll, N.Y. :
_bOrbis Books,
_cc2004.
300 _axxii, 488 p. :
_bmaps ;
_c24 cm.
490 1 _aAmerican Society of Missiology series ;
_vno. 30
504 _aIncludes bibliographical references (p. 399-466) and index.
505 0 0 _tForeword /
_rJusto L. Gonzalez --
_g1.
_t"Missionary by its very nature" : context and the church's mission --
_g2.
_t"You are witnesses of these things" : constants in the church's mission --
_g3.
_tMission in the early church (100-301) : individual Christians in a variety of situations --
_g4.
_tMission and the monastic movement (313-907) : from Constantine to the decline of the T'ang dynasty --
_g5.
_tMission and the mendicant movement (1000-1453) : crusades, preachers, nuns and Mongolian Christianity --
_g6.
_tMission in the age of discovery (1492-1773) : conquistadors, prophets and gurus --
_g7.
_tMission in the age of progress (1792-1914) : civilizers, evangelizers and volunteer societies --
_g8.
_tMission in the twentieth century (1919-1991) : the emergence of world Christianity --
_g9.
_tMission as participation in the mission of the Triune God : (Missio dei) --
_g10.
_tMission as liberating service of the reign of God --
_g11.
_tMission as proclamation of Jesus Christ as universal savior --
_g12.
_tMission as prophetic dialogue --
_tConcluding reflections : on being constant in today's context.
650 0 _aMissions.
_92759
700 1 _aSchroeder, Roger,
_d1951-
_92760
830 0 _aAmerican Society of Missiology series ;
_vno. 30.
_92761
856 4 1 _3Table of contents
_uhttp://www.loc.gov/catdir/toc/ecip0410/2003022781.html
900 _bTOC
942 _2lcc
_cMONOGRAPH
999 _c118403
_d118403